000 00305nam a2200109Ia 4500
008 171211s9999 xx 000 0 und d
245 2 _aA Game of Queens: Judit Polgar Teaches Chess 3
245 _cJudit Polgar
260 _c2014
650 _xGAMES
856 _uhttp://down.ebook777.com/057/1907982523.pdf
999 _c348889
_d348889